| 000 | 01208nam a2200313Ia 4500 | ||
|---|---|---|---|
| 999 |
_c65230 _d65230 |
||
| 005 | 20240530110814.0 | ||
| 008 | 140319s2005 au a f b 000 0 ara d | ||
| 017 | _bمصر. دار الكتب | ||
| 020 | _a9776163157 | ||
| 040 |
_aGCL / _cGCL |
||
| 082 | 0 | 4 |
_221 _a745.61991 / _bخ ر |
| 100 | 0 | _aخالد عزب | |
| 245 | 1 | 0 |
_aروائع الخط العربى بجامع البوصيرى / _cتقديم اسماعيل سراج الدين ؛ اعداد خالد عزب ، محمد الجمل |
| 250 | _aط.1 | ||
| 260 |
_aالاسكندرية : _bمكتبة الاسكندرية، _c2005 . |
||
| 300 |
_a116 ص. : _bايض. ؛ _c22 سم. |
||
| 650 | 0 | 7 |
_aالعمارة الاسلامية _2qrmak |
| 650 | 0 | 7 |
_aالاسكندرية ( مصر ) _xمساجد |
| 650 | 0 | 7 | _aمسجد البوصيرى |
| 650 | 0 | 7 | _aالخط العربى |
| 650 | 0 | 7 | _aالنقوش المعمارية |
| 650 | 0 | 7 | _aالنقوش العربية |
| 650 | 0 | 7 |
_aالزخارف الاسلامية _2qrmak |
| 651 | _2qrmak | ||
| 700 | 0 |
_aمحمد الجمل _eمعد مشارك |
|
| 700 | 0 |
_aاسماعيل سراج الدين _eمقدم |
|
| 942 |
_2ddc _cBK |
||